• 首页
  • 本馆介绍
  • 公告通知
  • 最新文献
  • 馆藏检索
  • 电子资源
  • 读者导购
  • 参考咨询
  • 我的图书馆
  • 登录
  • 详细信息显示
  • 放入我的书架
  • 预约/预借图书
  • 作者相关作品
  • 分类相关作品
  • 丛书相关作品
  • 出版社相关作品

书目信息

  • 表格格式
  • 工作单格式
  • 卡片格式
题名:
精馏
    
 
作者: 李秀芹 主编
分册:  
出版信息: 北京   化学工业出版社  2013
页数: 127页
开本: 26cm
丛书名:
单 册:
中图分类: TQ028.3
科图分类:
主题词: 精馏--职业高中--教材 , 精馏
电子资源:
ISBN: 978-7-122-16343-1
000 00928nam0 2200253 450
001 006559000
005 20140610105200.89
010    @a978-7-122-16343-1@dCNY19.00
100    @a20130408d2013 em y0chiy0110 ea
101 0  @achi
102    @aCN@b110000
105    @ay z 000yy
106    @ar
200 1  @a精馏@9jing liu@f李秀芹主编
210    @a北京@c化学工业出版社@d2013
215    @a127页@d26cm
300    @a中等职业学校规划教材 国家首批示范校建设项目
330    @a本书以典型的化工过程为载体,以工作任务为导向,以岗位操作技能为目标,设计了绪论、蒸馏的基本概念和流程、蒸馏过程的工程体现、连续精馏过程的计算、连续精馏操作分析、特殊精馏与多元精馏、精馏塔的操作(实训)、精馏塔DCS单元、筛板精馏单元技能训练九个学习项目。
606 0  @a精馏@x职业高中@j教材
606 0  @a精馏
690    @aTQ028.3@v5
701  0 @a李秀芹@9li xiu qin@c(女,@f1967~)@4主编
801  0 @aCN@bNLC@c20130510
905    @b846516-20@dTQ028.3@e236@f5
    
    精馏/李秀芹主编.-北京:化学工业出版社,2013
    127页;26cm
    中等职业学校规划教材 国家首批示范校建设项目
    
    ISBN 978-7-122-16343-1:CNY19.00
    本书以典型的化工过程为载体,以工作任务为导向,以岗位操作技能为目标,设计了绪论、蒸馏的基本概念和流程、蒸馏过程的工程体现、连续精馏过程的计算、连续精馏操作分析、特殊精馏与多元精馏、精馏塔的操作(实训)、精馏塔DCS单元、筛板精馏单元技能训练九个学习项目。
●
相关链接 在E读中查询图书 在五车中查询图书 在当当中查询图书 在豆瓣中查询图书


正题名:精馏     索取号:TQ028.3/236         预约/预借

序号 登录号 条形码 馆藏地/架位号 状态 备注
1 846516   208465169   第二样本阅览室/ [索取号:TQ028.3/236] 在馆    
2 846517   208465178   密集书库-化学系/ [索取号:TQ028.3/236] 在馆    
3 846518   208465187   第三借阅区/ [索取号:TQ028.3/236] 在馆    
4 846519   208465196   第三借阅区/ [索取号:TQ028.3/236] 在馆    
5 846520   208465203   第三借阅区/ [索取号:TQ028.3/236] 在馆    
唐山师范学院图书馆 欢迎您!
大连网信软件有限公司© 版权所有